=LDR 00000nam 2200000 4500 =001 INLIS000000000021373 =005 20130612120235 =008 ***********************************Ind** =035 ##$$0010-061300000021373 =041 ##$$a Ind =082 ##$$a 658 =090 ##$$a 658, Kas p =100 ##$$a Kasim, Azmar =245 ##$$a Pengukuran Efektifitas dalam Organisasi, Azmar Kasim =260 ##$$a 1993 $b Jakarta =300 ##$$a 97 hlm, Ilus, 24 cm =650 ##$$a Organisasi =850 ##$$a NBPNMAT